ARRUPE JESUIT UNIVERSITY

CORONAVIRUS -STOP THE SPREAD - CLEAN,DISINFECT,COVER

On simplicity and elegance : (Record no. 123005)

MARC details
000 -LEADER
fixed length control field 01016aam a2200325 a 4500
001 - CONTROL NUMBER
control field 1359359
005 - DATE AND TIME OF LATEST TRANSACTION
control field 20150717135107.0
008 - FIXED-LENGTH DATA ELEMENTS--GENERAL INFORMATION
fixed length control field 931006s1992 ne b 000 0 eng
010 ## - LIBRARY OF CONGRESS CONTROL NUMBER
LC control number 93215139
020 ## - INTERNATIONAL STANDARD BOOK NUMBER
International Standard Book Number 9051663145
035 ## - SYSTEM CONTROL NUMBER
System control number (OCoLC)29537242
035 ## - SYSTEM CONTROL NUMBER
System control number (OCoLC)ocm29537242
035 ## - SYSTEM CONTROL NUMBER
System control number (NNC)1359359
040 ## - CATALOGING SOURCE
Original cataloging agency DLC
Transcribing agency DLC
050 00 - LIBRARY OF CONGRESS CALL NUMBER
Classification number B105.S55
Item number D47 1993
082 00 - DEWEY DECIMAL CLASSIFICATION NUMBER
Classification number 101
Edition number 20
100 1# - MAIN ENTRY--PERSONAL NAME
Personal name Derkse, Wil.
9 (RLIN) 18420
245 10 - TITLE STATEMENT
Title On simplicity and elegance :
Remainder of title an essay in intellectual history /
Statement of responsibility, etc Wil Derkse.
260 ## - PUBLICATION, DISTRIBUTION, ETC. (IMPRINT)
Place of publication, distribution, etc Delft :
Name of publisher, distributor, etc Eburon,
Date of publication, distribution, etc 1992.
300 ## - PHYSICAL DESCRIPTION
Extent 211 p. ;
Dimensions 24 cm.
490 1# - SERIES STATEMENT
Series statement Filosofische reeks,
International Standard Serial Number 0168-8596 ;
Volume number/sequential designation nr. 39
500 ## - GENERAL NOTE
General note Note of apology inserted.
502 ## - DISSERTATION NOTE
Dissertation note Thesis (Ph. D.)--University of Amsterdam, 1992.
504 ## - BIBLIOGRAPHY, ETC. NOTE
Bibliography, etc Includes bibliographical references.
650 #0 - SUBJECT ADDED ENTRY--TOPICAL TERM
Topical term or geographic name as entry element Simplicity (Philosophy)
9 (RLIN) 17029
650 #0 - SUBJECT ADDED ENTRY--TOPICAL TERM
Topical term or geographic name as entry element Intellectual life
General subdivision History.
9 (RLIN) 6658
830 #0 - SERIES ADDED ENTRY--UNIFORM TITLE
Uniform title Filosofische reeks ;
Volume number/sequential designation nr. 39.
9 (RLIN) 18421
942 ## - ADDED ENTRY ELEMENTS (KOHA)
Source of classification or shelving scheme Library of Congress Classification
Item type Monograph ( Printed materials)
Holdings
Withdrawn status Lost status Source of classification or shelving scheme Damaged status Not for loan Collection code Home library Current library Shelving location Date acquired Total Checkouts Full call number Barcode Date last seen Price effective from Koha item type
    Library of Congress Classification     Main Collection ARRUPE LIBRARY ARRUPE LIBRARY Main Collection 17/07/2015   B105.S55 D47 1993 46500004434 17/07/2015 17/07/2015 Monograph ( Printed materials)

 

Arrupe Library. PO Box MP320 Mt Pleasant, Harare, Zimbabwe
263 242 745411|librarian@aju.ac.zw